Luhačovice orientační plán /
| Korporativní autor: | Ústřední správa geodézie a kartografie |
|---|---|
| Další autoři: | Strnad, Josef, Törková, Ivetta, Patočka, Bedřich, Kartografický a reprodukční ústav (Praha, Česko), Ústav geodézie a kartografie (Brno, Česko) |
| Jazyk: | Ruština Němčina Francouzština Čeština Angličtina |
| Vydáno: |
[Praha] : Ústřední správa geodézie a kartografie, 1960 |
| Vydání: | 1. vyd. |
| Témata: | |
| Externí odkaz: |
Digitalizovaný dokument (exemplář s čárovým kódem 2619673061)
|
| Fyzický popis: |
1 mapa : barev. ; 39 x 38 cm, na listu 43 x 52 cm, složeno na 22 x 13 cm |
| Language note: |
Legenda česky, rusky, anglicky, francouzsky a německy |
| LEADER | 02519cem a2200457 a 4500 | ||
|---|---|---|---|
| 001 | 001372920 | ||
| 003 | CZ BrMZK | ||
| 005 | 20180215130845.0 | ||
| 007 | aj|canzn | ||
| 008 | 111208s1960 xr a 0| cze d | ||
| 015 | |a cnb000370355 | ||
| 034 | 1 | |a a |b 10000 |d E0174405 |e E0174734 |f N0490737 |g N0490531 | |
| 040 | |a BOA001 |b cze | ||
| 041 | 0 | |a cze |a rus |a eng |a fre |a ger | |
| 043 | |a e-xr--- |b e-xr-zl |2 czenas | ||
| 072 | 7 | |a 913(437) |x Geografie Česka a Slovenska, reálie, cestování |2 Konspekt |9 7 | |
| 072 | 7 | |a 912 |x Mapy. Atlasy. Glóby |2 Konspekt |9 7 | |
| 080 | |a (437.323) |2 MRF | ||
| 080 | |a (084.3) |2 MRF | ||
| 245 | 0 | 0 | |a Luhačovice |h [kartografický dokument] : |b orientační plán / |c zpracoval a vytiskl Kartografický a reprodukční ústav v Praze ve spolupráci s Ústavem geodézie a kartografie v Brně ; textovou část a rejstřík zpracoval Ústav geodézie a kartografie v Brně ; odpovědný redaktor Josef Strnad ; technický redaktor Ivetta Törková ; obálku navrhl Bedřich Patočka |
| 250 | |a 1. vyd. | ||
| 255 | |a Měřítko 1:10 000 |c (017°44´05" v.d.--017°47´34" v.d./049°07´37" s.š.--049°05´31" s.š.) | ||
| 260 | |a [Praha] : |b Ústřední správa geodézie a kartografie, |c 1960 |f (Kartografický a reprodukční ústav v Praze) | ||
| 300 | |a 1 mapa : |b barev. ; |c 39 x 38 cm, na listu 43 x 52 cm, složeno na 22 x 13 cm | ||
| 500 | |a Na rubu doprovodné informace a adresář služeb | ||
| 500 | |a Dostupné též v digitální podobě v aplikaci Kramerius | ||
| 546 | |a Legenda česky, rusky, anglicky, francouzsky a německy | ||
| 651 | 7 | |a Luhačovice (Česko) |7 ge129896 |2 czenas | |
| 655 | 7 | |a plány měst |7 fd133027 |2 czenas | |
| 700 | 1 | |a Strnad, Josef |4 pbd | |
| 700 | 1 | |a Törková, Ivetta |4 red | |
| 700 | 1 | |a Patočka, Bedřich |4 bjd | |
| 710 | 2 | |a Ústřední správa geodézie a kartografie |7 kn20050506060 |4 pbl | |
| 710 | 2 | |a Kartografický a reprodukční ústav (Praha, Česko) |7 ko2003164641 |4 prt |4 ctg | |
| 710 | 2 | |a Ústav geodézie a kartografie (Brno, Česko) |7 ko2010571578 |4 aut |4 ctg | |
| 856 | 4 | 1 | |u http://www.digitalniknihovna.cz/mzk/view/uuid:64912545-26ed-4bf0-82e4-f64abcd0f7fe |y Digitalizovaný dokument (exemplář s čárovým kódem 2619673061) |
| 910 | |a BOA001 |b Skř.9A-0446.022 |b Skř.9A-0446.023 | ||
| 990 | |a MP | ||
| 991 | |b 201403 | ||
| 996 | 6 | |b 2619673061 |c Skř.9A-0446.023 |l MZK |r Sklad / do 24 hodin |n 0 |w 001415709 |u 000020 |a 1 |e BOA001 |j MZK50 |s P | |
| 996 | 6 | |b 2619673062 |c Skř.9A-0446.022 |l MZK |r Sklad / do 24 hodin |n 1 |w 001415709 |u 000010 |a 1 |e BOA001 |j MZK50 |s P | |
English
Čeština 